[Event "Moscow Smyslov Masters"]
[Site "Moscow"]
[Date "2025.06.05"]
[Round "4"]
[White "Galaktionov, Artem"]
[Black "Stupak, Kirill"]
[Result "1/2-1/2"]
[WhiteElo "2359"]
[BlackElo "2415"]
[PlyCount "39"]
[EventDate "2025.06.02"]
[EventType "swiss"]
[EventRounds "9"]
[EventCountry "RUS"]
[SourceTitle "CB29_2025"]
[SourceDate "2025.07.16"]
[SourceVersion "1"]
[SourceVersionDate "2025.07.16"]
[SourceQuality "1"]

1. d4 d5 2. c4 dxc4 3. e3 Nf6 4. Bxc4 e6 5. Nf3 c5 6. 0-0 a6 7. dxc5 Bxc5 8. Qxd8+ Kxd8 9. Nbd2 Ke7 10. Be2 Bd7 11. Ne5 Bb5 12. Nd3 Nbd7 13. Nxc5 Bxe2 14. Nxd7 Nxd7 15. Re1 Bd3 16. b3 Rhd8 17. Ba3+ Ke8 18. Rec1 Rac8 19. Bb4 f6 20. Nf3 1/2-1/2

[Event "Moscow Ivi GP op"]
[Site "Moscow"]
[Date "2025.03.12"]
[Round "7"]
[White "Afanasiev, Nikita"]
[Black "Stupak, Kirill"]
[Result "1/2-1/2"]
[WhiteElo "2518"]
[BlackElo "2400"]
[PlyCount "105"]
[EventDate "2025.03.08"]
[EventType "swiss"]
[EventRounds "10"]
[EventCountry "RUS"]
[SourceTitle "CB12_2025"]
[SourceDate "2025.03.19"]
[SourceVersion "1"]
[SourceVersionDate "2025.03.19"]
[SourceQuality "1"]

1. e4 e6 2. d4 d5 3. e5 c5 4. c3 Qb6 5. Nf3 Nc6 6. a3 Bd7 7. b4 cxd4 8. cxd4 Rc8 9. Bb2 Na5 10. Bd3 Nc4 11. Bc3 Ne7 12. 0-0 Nf5 13. Nbd2 Nce3 14. fxe3 Rxc3 15. Qe2 Be7 16. Rfc1 Rxc1+ 17. Rxc1 a5 18. g4 Nh6 19. h3 axb4 20. axb4 Qxb4 21. Rb1 Qa4 22. Rxb7 0-0 23. e4 Qc6 24. Rb1 Qc7 25. exd5 exd5 26. Kg2 Rb8 27. Nf1 Be6 28. Ne3 g6 29. Qc2 Qd8 30. Rxb8 Qxb8 31. g5 Nf5 32. Nxf5 gxf5 33. Bxf5 Bxf5 34. Qxf5 Qb6 35. Kg3 h6 36. h4 hxg5 37. hxg5 Kg7 38. Qd7 Qe6 39. Qxe6 fxe6 40. Kg4 Ba3 41. Kh5 Bb2 42. g6 Kg8 43. Kg4 Kh8 44. Kf4 Bc1+ 45. Kg4 Bb2 46. Kg5 Kg7 47. Kh5 Kg8 48. Kh6 Bc1+ 49. Ng5 Be3 50. g7 Bxg5+ 51. Kxg5 Kxg7 52. Kh5 Kh7 53. Kg5 1/2-1/2

[Event "Orsha op-A 23rd"]
[Site "Orsha"]
[Date "2025.02.04"]
[Round "3"]
[White "Stupak, Kirill"]
[Black "Pogosian, Georgy"]
[Result "1-0"]
[WhiteElo "2405"]
[BlackElo "1942"]
[PlyCount "53"]
[EventDate "2025.02.03"]
[EventType "swiss"]
[EventRounds "9"]
[EventCountry "BLR"]
[SourceTitle "CB07_2025"]
[SourceDate "2025.02.12"]
[SourceVersion "1"]
[SourceVersionDate "2025.02.12"]
[SourceQuality "1"]

1. d4 d5 2. Nf3 Nf6 3. g3 e6 4. Bg2 Be7 5. c4 0-0 6. 0-0 dxc4 7. Ne5 Nc6 8. Bxc6 bxc6 9. Nxc6 Qe8 10. Nxe7+ Qxe7 11. Qa4 e5 12. dxe5 Qxe5 13. Qxc4 Be6 14. Qd3 Rfe8 15. Nc3 Rad8 16. Qf3 Bc4 17. Re1 Nd5 18. Nxd5 Bxd5 19. Qf4 Qh5 20. Be3 Rd6 21. Rad1 Qh3 22. f3 h6 23. Bxa7 Rf6 24. Qxc7 Rxe2 25. Rxe2 Bxf3 26. Rd8+ Kh7 27. Qc2+ 1-0

[Event "Moscow Ivi GP"]
[Site "Moscow"]
[Date "2024.10.10"]
[Round "8"]
[White "Stupak, Kirill"]
[Black "Akhmedov, David"]
[Result "0-1"]
[WhiteElo "2427"]
[BlackElo "2361"]
[PlyCount "42"]
[EventDate "2024.10.05"]
[EventType "swiss"]
[EventRounds "10"]
[EventCountry "RUS"]
[SourceTitle "CB45_2024"]
[Source "ChessBase"]
[SourceDate "2024.11.06"]
[SourceVersion "1"]
[SourceVersionDate "2024.11.06"]
[SourceQuality "1"]

1. d4 Nf6 2. Bf4 d5 3. e3 c5 4. c3 Nc6 5. Nd2 Qb6 6. Qb3 c4 7. Qc2 g6 8. e4 Nxe4 9. Nxe4 dxe4 10. Bxc4 Bg7 11. Be3 Qc7 12. Qxe4 0-0 13. Nf3 Bf5 14. Qh4 Nb4 15. Bxf7+ Rxf7 16. cxb4 Qc4 17. d5 Bc3+ 18. Bd2 Bxd2+ 19. Kxd2 Qc2+ 20. Ke1 Bd3 21. Nd2 Qxb2 0-1

[Event "St Petersburg Rapid GP"]
[Site "St Petersburg"]
[Date "2024.08.25"]
[Round "9"]
[White "Stupak, Kirill"]
[Black "Khakimov, Timur"]
[Result "1-0"]
[WhiteElo "2411"]
[BlackElo "2163"]
[PlyCount "65"]
[EventDate "2024.08.24"]
[EventType "swiss (rapid)"]
[EventRounds "11"]
[EventCountry "RUS"]
[SourceTitle "CBM 221 Extra"]
[Source "ChessBase"]
[SourceDate "2024.09.30"]
[SourceVersion "1"]
[SourceVersionDate "2024.09.30"]
[SourceQuality "1"]

1. d4 d5 2. Nf3 c5 3. g3 Nc6 4. Bg2 Nf6 5. 0-0 e6 6. c4 Be7 7. cxd5 exd5 8. Nc3 0-0 9. Bf4 c4 10. Ne5 Be6 11. Nxc4 dxc4 12. d5 Nxd5 13. Nxd5 Bg5 14. Bd6 Bxd5 15. Bxd5 Be7 16. Bxe7 Qxe7 17. Rc1 Rad8 18. Rxc4 Qe5 19. e4 Qxb2 20. Qb1 Qf6 21. Bxc6 bxc6 22. Qb7 Rd2 23. Rxc6 Qd4 24. Ra6 Rb2 25. Qd5 Rd8 26. Qxd4 Rxd4 27. Rc1 g6 28. Rc7 Rb6 29. Raxa7 Rf6 30. e5 Rf5 31. e6 Rd1+ 32. Kg2 Rd2 33. exf7+ 1-0

[Event "St Petersburg Rapid GP"]
[Site "St Petersburg"]
[Date "2024.08.24"]
[Round "2"]
[White "Seleznev, Mikhail V"]
[Black "Stupak, Kirill"]
[Result "0-1"]
[WhiteElo "1876"]
[BlackElo "2411"]
[PlyCount "126"]
[EventDate "2024.08.24"]
[EventType "swiss (rapid)"]
[EventRounds "11"]
[EventCountry "RUS"]
[SourceTitle "CBM 221 Extra"]
[Source "ChessBase"]
[SourceDate "2024.09.30"]
[SourceVersion "1"]
[SourceVersionDate "2024.09.30"]
[SourceQuality "1"]

1. d4 g6 2. e4 Bg7 3. Nf3 e6 4. c3 Ne7 5. Be2 b6 6. 0-0 Bb7 7. Nbd2 d6 8. a4 a6 9. Re1 Nd7 10. Bf1 h6 11. g3 g5 12. h3 Ng6 13. Bg2 0-0 14. Nf1 Nf6 15. e5 dxe5 16. Nxe5 Bxg2 17. Kxg2 Nxe5 18. Rxe5 c5 19. Re1 Qd5+ 20. Kg1 cxd4 21. cxd4 Rfd8 22. Be3 Ne8 23. Qh5 Nd6 24. Rad1 Nf5 25. Nh2 Qb3 26. Ng4 Rd5 27. Rc1 Qxa4 28. Rc7 Qe8 29. Bxg5 hxg5 30. Qxg5 Qd8 31. Qc1 Nxd4 32. Kg2 Nb3 33. Qc2 Rd2 34. Qc6 Qd5+ 35. Qxd5 Rxd5 36. Ne3 Rd2 37. Rd1 Rxd1 38. Nxd1 Rd8 39. Nc3 Bxc3 40. Rxc3 Nd4 41. Rc7 Rd5 42. h4 Rb5 43. Rd7 e5 44. h5 Rxb2 45. h6 Nf5 46. h7+ Kxh7 47. Rxf7+ Kg6 48. Ra7 a5 49. Kf3 Kf6 50. g4 Rb3+ 51. Kg2 Nh4+ 52. Kh2 Kg5 53. Rg7+ Kf4 54. Rg8 a4 55. g5 Nf3+ 56. Kg2 Nxg5 57. Rf8+ Ke4 58. Rg8 Ne6 59. Rc8 b5 60. Rc6 Nf4+ 61. Kh2 a3 62. Rc2 Rb2 63. f3+ Kd3 0-1

[Event "St Petersburg Rapid GP"]
[Site "St Petersburg"]
[Date "2024.08.24"]
[Round "1"]
[White "Stupak, Kirill"]
[Black "Ozerov, Yaroslav Mikh"]
[Result "1-0"]
[WhiteElo "2411"]
[BlackElo "1598"]
[PlyCount "41"]
[EventDate "2024.08.24"]
[EventType "swiss (rapid)"]
[EventRounds "11"]
[EventCountry "RUS"]
[SourceTitle "CBM 221 Extra"]
[Source "ChessBase"]
[SourceDate "2024.09.30"]
[SourceVersion "1"]
[SourceVersionDate "2024.09.30"]
[SourceQuality "1"]

1. d4 d5 2. Nf3 Nf6 3. g3 e6 4. Bg2 c5 5. 0-0 Nc6 6. c4 Be7 7. cxd5 exd5 8. Nc3 0-0 9. Bf4 Ne4 10. Rc1 Be6 11. dxc5 Nxc5 12. Nd4 Rc8 13. Be3 Nxd4 14. Bxd4 Qd7 15. a3 Rfd8 16. b4 Ne4 17. Nxe4 dxe4 18. Bxa7 Qb5 19. Rc2 Rc7 20. Rxc7 Bc8 21. Rxc8 1-0

[Event "St Petersburg Blitz GP"]
[Site "St Petersburg"]
[Date "2024.08.23"]
[Round "2"]
[White "Klachkou, Platon"]
[Black "Stupak, Kirill"]
[Result "1-0"]
[WhiteElo "1990"]
[BlackElo "2411"]
[PlyCount "119"]
[EventDate "2024.08.23"]
[EventType "swiss (blitz)"]
[EventRounds "11"]
[EventCountry "RUS"]
[SourceTitle "EXT 2025"]
[Source "ChessBase"]
[SourceDate "2024.10.14"]
[SourceVersion "1"]
[SourceVersionDate "2024.10.14"]
[SourceQuality "1"]

1. Nf3 d5 2. g3 g6 3. Bg2 Bg7 4. 0-0 e5 5. d3 Nc6 6. c3 a5 7. a4 Nge7 8. e4 h6 9. Na3 Be6 10. Nb5 0-0 11. Qc2 Qd7 12. Be3 f5 13. Bc5 b6 14. Ba3 Rf7 15. Rad1 g5 16. Rd2 Ng6 17. exf5 Bxf5 18. c4 g4 19. cxd5 Nb4 20. Bxb4 gxf3 21. Bxf3 axb4 22. d6 Rc8 23. Bc6 Qd8 24. dxc7 Rcxc7 25. Nxc7 Rxc7 26. Bd5+ Kh7 27. Qb3 Qd6 28. Bg8+ Kh8 29. Bf7 Qf6 30. Bd5 Qd6 31. Bf7 Ne7 32. Rc2 Rc5 33. Rxc5 Qxc5 34. Be8 Bh3 35. Re1 Nf5 36. Qf7 Qe7 37. Qh5 Nd4 38. Bg6 Bc8 39. Be4 Be6 40. Qg6 Bg8 41. Qxb6 b3 42. a5 Nc2 43. Re2 Nd4 44. Re1 Nc2 45. Re2 Nd4 46. Re3 Bf8 47. a6 Qc5 48. Qf6+ Bg7 49. Qd8 Nc2 50. a7 Qxa7 51. Rf3 Nd4 52. Re3 Nc2 53. Rf3 Qa1+ 54. Kg2 Ne1+ 55. Kh3 Nxf3 56. Bxf3 Qa6 57. Bd5 Kh7 58. Qxg8+ Kg6 59. Qf7+ Kh7 60. Be4+ 1-0

[Event "SRI-ch Dini"]
[Site "Colombo"]
[Date "2024.08.01"]
[Round "6"]
[White "Stupak, Kirill"]
[Black "Gnanaseelan, Jude Dorison"]
[Result "1-0"]
[WhiteElo "2411"]
[BlackElo "1776"]
[PlyCount "55"]
[EventDate "2024.07.29"]
[EventType "swiss"]
[EventRounds "10"]
[EventCountry "SRI"]
[SourceTitle "CBM 221 Extra"]
[Source "ChessBase"]
[SourceDate "2024.09.30"]
[SourceVersion "1"]
[SourceVersionDate "2024.09.30"]
[SourceQuality "1"]

1. d4 Nf6 2. g3 g6 3. Bg2 Bg7 4. e4 d6 5. Nc3 0-0 6. Nge2 e5 7. 0-0 Nc6 8. dxe5 dxe5 9. Bg5 h6 10. Qxd8 Rxd8 11. Bxf6 Bxf6 12. Nd5 Bg7 13. Nxc7 Rb8 14. Rfd1 Bg4 15. f3 Rdc8 16. Nd5 Be6 17. c3 Kf8 18. Nc1 b5 19. Nd3 Ne7 20. f4 Nxd5 21. exd5 Bg4 22. Re1 exf4 23. gxf4 Rc4 24. d6 Rd8 25. Bd5 Ra4 26. Re7 Rd7 27. Rae1 Bf6 28. Rxd7 1-0

[Event "SRI-ch Dini"]
[Site "Colombo"]
[Date "2024.07.31"]
[Round "4"]
[White "Peng, Li Min"]
[Black "Stupak, Kirill"]
[Result "1/2-1/2"]
[WhiteElo "2551"]
[BlackElo "2411"]
[PlyCount "41"]
[EventDate "2024.07.29"]
[EventType "swiss"]
[EventRounds "10"]
[EventCountry "SRI"]
[SourceTitle "CBM 221 Extra"]
[Source "ChessBase"]
[SourceDate "2024.09.30"]
[SourceVersion "1"]
[SourceVersionDate "2024.09.30"]
[SourceQuality "1"]

1. e4 e6 2. d4 d5 3. exd5 exd5 4. Nf3 Bf5 5. Bd3 Bxd3 6. Qxd3 c6 7. Bf4 Bd6 8. Bxd6 Qxd6 9. 0-0 Ne7 10. Re1 0-0 11. Nbd2 Nd7 12. Re2 Ng6 13. g3 Rfe8 14. c3 Re7 15. Rxe7 Qxe7 16. Re1 Qf8 17. h4 Re8 18. Qf5 Rxe1+ 19. Nxe1 Qd6 20. Nd3 Ne7 21. Qf4 1/2-1/2

[Event "Moscow-ch op Superfinal"]
[Site "Ershovo"]
[Date "2024.02.29"]
[Round "9"]
[White "Stupak, Kirill"]
[Black "Akhmedov, David"]
[Result "1-0"]
[WhiteElo "2406"]
[BlackElo "2244"]
[PlyCount "91"]
[EventDate "2024.02.23"]
[EventType "swiss"]
[EventRounds "10"]
[EventCountry "RUS"]
[SourceTitle "CBM 219 Extra"]
[Source "ChessBase"]
[SourceDate "2024.05.31"]
[SourceVersion "1"]
[SourceVersionDate "2024.05.31"]
[SourceQuality "1"]

1. d4 Nf6 2. g3 d5 3. Bg2 e6 4. Nf3 b5 5. a4 b4 6. c4 bxc3 7. bxc3 a5 8. 0-0 Ba6 9. Ne5 Nfd7 10. Nd3 c5 11. e4 dxe4 12. Bxe4 Ra7 13. Bf4 Be7 14. Na3 0-0 15. Nb5 Bxb5 16. axb5 cxd4 17. cxd4 Nf6 18. Bf3 Nd5 19. Bxb8 Qxb8 20. Bxd5 exd5 21. Qa4 Bf6 22. Rfc1 Qb6 23. Rc5 Rd8 24. Nf4 Rad7 25. Nh5 Be7 26. Rc6 Qb7 27. Qxa5 Rb8 28. Rb1 Bd8 29. Qc3 g6 30. Nf4 Bb6 31. Nd3 Rdd8 32. Ne5 Re8 33. Ng4 Bd8 34. Ne5 Bb6 35. Ng4 Bd8 36. Ne3 Qd7 37. Rc5 Re6 38. Nxd5 Rd6 39. Qf3 Qb7 40. Kg2 Be7 41. Rc6 Rxc6 42. Nxe7+ Qxe7 43. Qxc6 Rd8 44. b6 Rd6 45. Qf3 Rf6 46. b7 1-0

[Event "Moscow-ch op Superfinal"]
[Site "Ershovo"]
[Date "2024.02.25"]
[Round "4"]
[White "Afanasiev, Nikita"]
[Black "Stupak, Kirill"]
[Result "1-0"]
[WhiteElo "2540"]
[BlackElo "2406"]
[PlyCount "81"]
[EventDate "2024.02.23"]
[EventType "swiss"]
[EventRounds "10"]
[EventCountry "RUS"]
[SourceTitle "CBM 219 Extra"]
[Source "ChessBase"]
[SourceDate "2024.05.31"]
[SourceVersion "1"]
[SourceVersionDate "2024.05.31"]
[SourceQuality "1"]

1. c4 c5 2. Nf3 Nf6 3. Nc3 Nc6 4. d4 cxd4 5. Nxd4 e6 6. a3 Bc5 7. Nb3 Be7 8. e4 b6 9. Be2 Bb7 10. 0-0 Rc8 11. Bf4 d6 12. Rc1 0-0 13. Re1 Ne5 14. Nd2 a6 15. Bg3 Nc6 16. Bf1 Re8 17. f4 Nd7 18. Bf2 g5 19. e5 dxe5 20. fxg5 Nc5 21. Nde4 Qxd1 22. Rcxd1 Nxe4 23. Nxe4 Na5 24. Nf6+ Bxf6 25. gxf6 Nxc4 26. b3 Nxa3 27. Rxe5 Red8 28. Rg5+ Kh8 29. Rxd8+ Rxd8 30. Bxb6 Rg8 31. Rh5 Nb5 32. g3 Be4 33. Rh4 Rb8 34. Bc5 Bg6 35. Ra4 Nc3 36. Rxa6 Nd5 37. b4 Nxf6 38. Bd6 Rc8 39. Be5 Kg7 40. g4 Rc1 41. Ra1 1-0

[Event "Moscow-ch op Superfinal"]
[Site "Ershovo"]
[Date "2024.02.24"]
[Round "2"]
[White "Manvelyan, Mikayel"]
[Black "Stupak, Kirill"]
[Result "1/2-1/2"]
[WhiteElo "2098"]
[BlackElo "2406"]
[PlyCount "103"]
[EventDate "2024.02.23"]
[EventType "swiss"]
[EventRounds "10"]
[EventCountry "RUS"]
[SourceTitle "CBM 219 Extra"]
[Source "ChessBase"]
[SourceDate "2024.05.31"]
[SourceVersion "1"]
[SourceVersionDate "2024.05.31"]
[SourceQuality "1"]

1. e4 c5 2. c3 d5 3. exd5 Qxd5 4. Nf3 g6 5. Na3 Bg7 6. Bc4 Qe4+ 7. Be2 Nf6 8. d3 Qd5 9. d4 cxd4 10. Nb5 Na6 11. Qxd4 0-0 12. Be3 b6 13. 0-0 Bb7 14. Qh4 Qe4 15. Qxe4 Nxe4 16. Rfd1 Nac5 17. Nd2 Na4 18. Nxe4 Bxe4 19. Rd7 Bf6 20. g4 Nxb2 21. g5 Be5 22. Rxe7 Rfe8 23. Rxe8+ Rxe8 24. Nxa7 Bd3 25. Bxd3 Nxd3 26. Nb5 Bf4 27. Bxf4 Nxf4 28. h4 Re4 29. Rb1 Nd3 30. Rd1 Rg4+ 31. Kf1 Nf4 32. Rd8+ Kg7 33. Nc7 Rxh4 34. f3 Rh2 35. Ne8+ Kf8 36. Nf6+ Ke7 37. Re8+ Kd6 38. Ne4+ Kd7 39. Rb8 Kc6 40. Rf8 Rxa2 41. Rxf7 Nd3 42. Rxh7 Ne5 43. f4 Nd3 44. c4 Rc2 45. Rf7 Rxc4 46. Ke2 Rxe4+ 47. Kxd3 Kd5 48. Rd7+ Ke6 49. Kxe4 Kxd7 50. f5 gxf5+ 51. Kxf5 Ke7 52. Ke5 1/2-1/2

[Event "Moscow-ch op Superfinal"]
[Site "Ershovo"]
[Date "2024.02.24"]
[Round "3"]
[White "Stupak, Kirill"]
[Black "Marchenko, Nikolay"]
[Result "1-0"]
[WhiteElo "2406"]
[BlackElo "2092"]
[PlyCount "103"]
[EventDate "2024.02.23"]
[EventType "swiss"]
[EventRounds "10"]
[EventCountry "RUS"]
[SourceTitle "CBM 219 Extra"]
[Source "ChessBase"]
[SourceDate "2024.05.31"]
[SourceVersion "1"]
[SourceVersionDate "2024.05.31"]
[SourceQuality "1"]

1. d4 Nf6 2. c4 e6 3. g3 d5 4. Bg2 dxc4 5. Nf3 c5 6. 0-0 Nc6 7. Ne5 Bd7 8. Nxc4 cxd4 9. Bf4 Be7 10. Ne5 0-0 11. Nd2 Nd5 12. Ndf3 Bf6 13. Qb3 Nxe5 14. Bxe5 Qb6 15. Qxb6 axb6 16. Bxf6 Nxf6 17. Nxd4 e5 18. Nc2 Be6 19. Nb4 e4 20. f3 Nd5 21. Nc2 exf3 22. Bxf3 Rfc8 23. Nd4 Ra4 24. Rfd1 Ne3 25. Rd3 Rxd4 26. Rxd4 Nc2 27. Rad1 Nxd4 28. Rxd4 Bxa2 29. Rb4 Rd8 30. b3 Rd2 31. Rxb6 Rb2 32. Rxb7 g5 33. b4 Bc4 34. Kf2 Kg7 35. Ke3 Kf6 36. Kd4 Bxe2 37. Kc3 Ra2 38. Rxf7+ Kxf7 39. Bd5+ Kf6 40. Bxa2 Ke5 41. Bb1 h5 42. Bd3 Bf3 43. Kc4 Bc6 44. Kc5 Bd7 45. Bb5 Bg4 46. Bc6 Be2 47. b5 Bxb5 48. Bxb5 Ke4 49. Bc6+ Ke3 50. Kd5 Kf2 51. Ke5 h4 52. g4 1-0

[Event "Minsk Bronstein 100 Memorial op"]
[Site "Minsk"]
[Date "2024.02.17"]
[Round "4"]
[White "Zeliantsova, Kseniya"]
[Black "Stupak, Kirill"]
[Result "0-1"]
[WhiteElo "1860"]
[BlackElo "2406"]
[PlyCount "118"]
[EventDate "2024.02.17"]
[EventType "swiss"]
[EventRounds "10"]
[EventCountry "BLR"]
[SourceTitle "CBM 218 Extra"]
[Source "ChessBase"]
[SourceDate "2024.03.31"]
[SourceVersion "1"]
[SourceVersionDate "2024.03.31"]
[SourceQuality "1"]

1. e4 c6 2. d4 d5 3. Nd2 g6 4. Ngf3 Bg7 5. c3 Nh6 6. Bd3 0-0 7. 0-0 f6 8. Re1 Nf7 9. b3 e5 10. dxe5 fxe5 11. Ba3 Re8 12. Qc2 Be6 13. Rad1 Qa5 14. Bb2 Qc7 15. Nf1 Nd7 16. Ne3 a6 17. h4 Nf6 18. Ng5 Nxg5 19. hxg5 Nd7 20. Be2 Nb6 21. Bg4 Bf7 22. Bf3 Rad8 23. Ng4 Qe7 24. Qc1 Be6 25. exd5 Bxg4 26. Bxg4 Nxd5 27. c4 Nf4 28. Rxd8 Qxd8 29. Qe3 Qxg5 30. Qg3 Bf6 31. Bc1 Kg7 32. Qf3 h5 33. Bxf4 Qxg4 34. Qxg4 hxg4 35. Bg3 Kf7 36. Re4 Rd8 37. Rxg4 Rd1+ 38. Kh2 Rd2 39. Re4 Rxa2 40. Re3 Rb2 41. f3 Bg7 42. Rd3 Ke6 43. c5 Bf6 44. Be1 Be7 45. b4 Re2 46. Bc3 e4 47. fxe4 Rxe4 48. Rg3 Kf5 49. Rd3 Ke6 50. Rg3 g5 51. Kg1 Bf6 52. Bd2 g4 53. Rd3 Rd4 54. Re3+ Kd5 55. Be1 Re4 56. Rd3+ Kc4 57. Rd1 Bc3 58. Bf2 Bxb4 59. Kh2 a5 0-1

[Event "Orsha op-A 22nd"]
[Site "Orsha"]
[Date "2024.01.24"]
[Round "5"]
[White "Bulgak, Damir"]
[Black "Stupak, Kirill"]
[Result "0-1"]
[WhiteElo "1820"]
[BlackElo "2416"]
[PlyCount "82"]
[EventDate "2024.01.22"]
[EventType "swiss"]
[EventRounds "9"]
[EventCountry "BLR"]
[SourceTitle "CBM 218 Extra"]
[Source "ChessBase"]
[SourceDate "2024.03.31"]
[SourceVersion "1"]
[SourceVersionDate "2024.03.31"]
[SourceQuality "1"]

1. Nf3 d5 2. c4 d4 3. e3 c5 4. exd4 cxd4 5. d3 Nc6 6. g3 Nf6 7. Bg2 g6 8. 0-0 Bg7 9. b4 Nxb4 10. Qa4+ Nc6 11. Ne5 Bd7 12. Nxc6 bxc6 13. Bxc6 0-0 14. Re1 Qc8 15. Bxd7 Nxd7 16. Nd2 Ne5 17. Qc2 Qf5 18. Re4 Ng4 19. Nf1 Rfe8 20. Ba3 e5 21. Rae1 Rac8 22. R4e2 h5 23. Kg2 h4 24. h3 Nf6 25. Nd2 Qd7 26. Bc1 hxg3 27. fxg3 Nd5 28. Nf3 Nc3 29. Nxe5 Qb7+ 30. Nf3 Nxe2 31. Rxe2 Rxe2+ 32. Qxe2 Qc6 33. Bf4 Re8 34. Qd2 Qe6 35. Ng1 Qe1 36. Qc2 Qc3 37. Qxc3 dxc3 38. Kf3 Be5 39. Be3 Bxg3 40. Ne2 Be1 41. Nf4 Rxe3+ 0-1

[Event "Orsha op-A 22nd"]
[Site "Orsha"]
[Date "2024.01.23"]
[Round "3"]
[White "Prutskov, Aleksei"]
[Black "Stupak, Kirill"]
[Result "1-0"]
[WhiteElo "1844"]
[BlackElo "2416"]
[PlyCount "117"]
[EventDate "2024.01.22"]
[EventType "swiss"]
[EventRounds "9"]
[EventCountry "BLR"]
[SourceTitle "CBM 218 Extra"]
[Source "ChessBase"]
[SourceDate "2024.03.31"]
[SourceVersion "1"]
[SourceVersionDate "2024.03.31"]
[SourceQuality "1"]

1. d4 g6 2. c4 Bg7 3. Nc3 e6 4. Nf3 Ne7 5. g3 d5 6. Bg2 0-0 7. cxd5 exd5 8. 0-0 Nbc6 9. Bg5 h6 10. Bxe7 Nxe7 11. Rc1 Nf5 12. b4 a6 13. e3 Be6 14. a4 Re8 15. Qb3 c6 16. a5 Nd6 17. Nd2 f5 18. f4 Bf7 19. Rfe1 g5 20. Nf3 Nc4 21. Na4 Bf8 22. Ne5 Nxe5 23. fxe5 Be6 24. Rf1 Be7 25. Rf2 Rf8 26. Rcf1 Qe8 27. Nc5 Bxc5 28. bxc5 Rf7 29. g4 Qd7 30. gxf5 Rxf5 31. Rxf5 Bxf5 32. e4 Be6 33. exd5 Bxd5 34. Bxd5+ cxd5 35. Qf3 Qe6 36. h3 Rc8 37. Kg2 Kg7 38. Qf6+ Qxf6 39. Rxf6 Rc6 40. Rf3 Kg6 41. Rb3 Kf5 42. Kf3 h5 43. Rxb7 g4+ 44. hxg4+ hxg4+ 45. Kg3 Ke4 46. Rb6 Rc8 47. Rb4 Rg8 48. c6 Rc8 49. Kxg4 Rxc6 50. Kg5 Re6 51. Rb6 Re8 52. Kf6 Kxd4 53. e6 Kc5 54. e7 d4 55. Kf7 Ra8 56. e8Q Rxe8 57. Kxe8 d3 58. Kd7 d2 59. Rb1 1-0

[Event "St Petersburg Blitz"]
[Site "St Petersburg"]
[Date "2023.08.25"]
[Round "8"]
[White "Rudakov, Sergey S"]
[Black "Stupak, Kirill"]
[Result "0-1"]
[WhiteElo "1958"]
[BlackElo "2416"]
[PlyCount "80"]
[EventDate "2023.08.25"]
[EventType "game (blitz)"]
[EventRounds "11"]
[EventCountry "RUS"]
[SourceTitle "CBM 216 Extra"]
[Source "ChessBase"]
[SourceDate "2023.11.30"]
[SourceVersion "1"]
[SourceVersionDate "2023.11.30"]
[SourceQuality "1"]

1. e4 e6 2. d4 d5 3. Nc3 Nc6 4. Nf3 Nf6 5. Bd3 Bb4 6. e5 Ne4 7. Bd2 Nxd2 8. Qxd2 f6 9. a3 Bxc3 10. Qxc3 fxe5 11. Nxe5 Nxe5 12. dxe5 0-0 13. 0-0 Bd7 14. f4 Rc8 15. Qd4 c5 16. Qf2 Qb6 17. Rab1 Ba4 18. b3 Bb5 19. c4 Bc6 20. Qh4 g6 21. Qg5 Qd8 22. Qg4 Qe7 23. h4 Kh8 24. Qg5 Rc7 25. Rbd1 a6 26. Qxe7 Rxe7 27. cxd5 exd5 28. Rc1 b6 29. g3 a5 30. a4 Kg7 31. Rfd1 h6 32. Bb5 Bb7 33. Re1 g5 34. hxg5 hxg5 35. Rf1 d4 36. Rce1 Rh8 37. f5 Rh1+ 38. Kf2 Rh2+ 39. Kg1 Rg2+ 40. Kh1 Kf8 0-1

[Event "St Petersburg Blitz"]
[Site "St Petersburg"]
[Date "2023.08.25"]
[Round "11"]
[White "Stupak, Kirill"]
[Black "Drygalov, Sergey"]
[Result "1/2-1/2"]
[WhiteElo "2416"]
[BlackElo "2547"]
[PlyCount "52"]
[EventDate "2023.08.25"]
[EventType "game (blitz)"]
[EventRounds "11"]
[EventCountry "RUS"]
[SourceTitle "CBM 216 Extra"]
[Source "ChessBase"]
[SourceDate "2023.11.30"]
[SourceVersion "1"]
[SourceVersionDate "2023.11.30"]
[SourceQuality "1"]

1. d4 Nf6 2. g3 d5 3. Nf3 g6 4. Bg2 Bg7 5. 0-0 0-0 6. c4 c6 7. Qb3 Qb6 8. Nc3 Rd8 9. Rd1 Bf5 10. Ne1 Na6 11. cxd5 cxd5 12. Bf4 e6 13. Qxb6 axb6 14. f3 h6 15. e4 dxe4 16. fxe4 Bg4 17. Rd2 g5 18. Be3 e5 19. d5 Nc5 20. Rb1 Bf8 21. b4 Ncd7 22. Nb5 Ne8 23. Nd3 Nd6 24. Nxd6 Bxd6 25. Nf2 Bh5 26. Bh3 Bg6 1/2-1/2

[Event "St Petersburg Blitz"]
[Site "St Petersburg"]
[Date "2023.08.25"]
[Round "9"]
[White "Stupak, Kirill"]
[Black "Goltsev, Dmitry"]
[Result "1-0"]
[WhiteElo "2416"]
[BlackElo "2238"]
[PlyCount "127"]
[EventDate "2023.08.25"]
[EventType "game (blitz)"]
[EventRounds "11"]
[EventCountry "RUS"]
[SourceTitle "CBM 216 Extra"]
[Source "ChessBase"]
[SourceDate "2023.11.30"]
[SourceVersion "1"]
[SourceVersionDate "2023.11.30"]
[SourceQuality "1"]

1. d4 e6 2. g3 Nf6 3. Bg2 d5 4. Nf3 Bd6 5. 0-0 0-0 6. c4 dxc4 7. Nfd2 c5 8. Nxc4 Be7 9. dxc5 Bxc5 10. Nc3 Nc6 11. Bf4 Qe7 12. Bd6 Bxd6 13. Qxd6 Qxd6 14. Nxd6 Rd8 15. Rfd1 Kf8 16. Bxc6 bxc6 17. Nc4 Ba6 18. Na5 c5 19. e4 Rd3 20. Rxd3 Bxd3 21. f3 c4 22. Rd1 Rb8 23. b3 Rc8 24. b4 Nd7 25. Kf2 Nb6 26. Ke3 Ke7 27. Rd2 f6 28. a3 a6 29. Nb7 Rc7 30. Nc5 a5 31. bxa5 Nc8 32. Nxd3 cxd3 33. Rxd3 Ra7 34. Rd4 Rxa5 35. Ra4 Rc5 36. Kd4 Rc7 37. Rc4 Rd7+ 38. Ke3 Nd6 39. Rd4 Rc7 40. Rxd6 Rxc3+ 41. Rd3 Rc2 42. h4 e5 43. Rb3 Ra2 44. h5 g6 45. hxg6 hxg6 46. g4 g5 47. Kd3 Kd6 48. Kc4 Kc6 49. Kb4 Kb7 50. a4 Ka6 51. Rd3 Rb2+ 52. Kc5 Rc2+ 53. Kd6 Ka5 54. Ke6 Rc6+ 55. Rd6 Rc3 56. Kxf6 Rxf3+ 57. Kxg5 Kxa4 58. Rf6 Re3 59. Kf5 Rg3 60. g5 Kb5 61. g6 Kc5 62. Kxe5 Rg5+ 63. Ke6 Kd4 64. Kf7 1-0

[Event "St Petersburg Blitz"]
[Site "St Petersburg"]
[Date "2023.08.25"]
[Round "7"]
[White "Stupak, Kirill"]
[Black "Mochalov, Dmitriy"]
[Result "1/2-1/2"]
[WhiteElo "2416"]
[BlackElo "2194"]
[PlyCount "80"]
[EventDate "2023.08.25"]
[EventType "game (blitz)"]
[EventRounds "11"]
[EventCountry "RUS"]
[SourceTitle "CBM 216 Extra"]
[Source "ChessBase"]
[SourceDate "2023.11.30"]
[SourceVersion "1"]
[SourceVersionDate "2023.11.30"]
[SourceQuality "1"]

1. d4 Nf6 2. g3 e6 3. Bg2 c5 4. Nf3 Nc6 5. 0-0 cxd4 6. Nxd4 Be7 7. c4 0-0 8. Nc3 a6 9. Bf4 Qa5 10. Nb3 Qb4 11. c5 Na5 12. Nxa5 Qxa5 13. Na4 b5 14. Bxa8 bxa4 15. Bd6 Bxd6 16. Qxd6 Qb4 17. Rfd1 Bb7 18. Bxb7 Qxb7 19. Qb6 Qe4 20. Rd2 Rc8 21. Rad1 h5 22. Qxa6 Rxc5 23. Qd3 Qb7 24. b3 h4 25. Qf3 d5 26. bxa4 Qa6 27. Qb3 Rc8 28. Qb5 Qa7 29. Rb2 Ne4 30. e3 Nc3 31. Qd3 Nxd1 32. Qxd1 h3 33. Qf1 Qxa4 34. Qxh3 Rc1+ 35. Kg2 Qe4+ 36. f3 Rc2+ 37. Rxc2 Qxc2+ 38. Kg1 Qc1+ 39. Kg2 Qd2+ 40. Kf1 Qd1+ 1/2-1/2